UBT Library

Users Guides to the medical Literature: (Record no. 1744)

000 -LEADER
fixed length control field 00354nam a22001337a 4500
008 - FIXED-LENGTH DATA ELEMENTS--GENERAL INFORMATION
fixed length control field 160503b xxu||||| |||| 00| 0 eng d
020 ## - INTERNATIONAL STANDARD BOOK NUMBER
International Standard Book Number 9780071590341
020 ## - INTERNATIONAL STANDARD BOOK NUMBER
International Standard Book Number 10007159034
020 ## - INTERNATIONAL STANDARD BOOK NUMBER
International Standard Book Number 13978007159034
041 ## - LANGUAGE CODE
Language code of text/sound track or separate title eng
080 ## - UNIVERSAL DECIMAL CLASSIFICATION NUMBER
Universal Decimal Classification number 61
245 ## - TITLE STATEMENT
Title Users Guides to the medical Literature:
Statement of responsibility, etc Gordon Guyatt MD; Maureen O. Meade MD;
942 ## - ADDED ENTRY ELEMENTS (KOHA)
Source of classification or shelving scheme
Item type Books
Holdings
Withdrawn status Lost status Damaged status Not for loan Date acquired Total Checkouts Date last seen Price effective from Koha item type Source of classification or shelving scheme Collection code Permanent location Current location Full call number Barcode
        05/03/2016   05/03/2016 05/03/2016 Books            
        11/15/2022   11/15/2022 11/15/2022 Books   Koleksioni i përgjithshem UBT - Lipjan UBT - Lipjan 61GUY 002-800028700260672
UBT Library © 2015-2024. All rights reserved University Education for Business and Technology